00777nam a2200193Ia 4500020003200000020003500032020003300067020002600100040000800126082002600134100001900160245018000179260005100359300007500410500003500485650002100520650002100541650002100562 a0521774950 (student's book) a0521774942 (teacher's edition) a0521774934 (audio cassettes) a0521774926 (audio CD) cCVU a651 CAM 2000 A046 Or.1 aSweeney, Simon10aCommunicating in business :ba short course for business English students : cultural diversity and socializing, using the telephone, presentations, meetings and negotiations / aCambridge :bCambridge University Press,c2000 a2 v. :bill. (some col.) ;c28 cm. +e2 sound cassettes + 1 sound disc aAccompanying disc in CD format 0aEnglish language 0aEnglish language 0aEnglish language